States of India by Emojis - Statistics

General Stats
  • This quiz has been taken 213 times
  • The average score is 7 of 10
Answer Stats
Hint Answer % Correct
Goa
89%
Rajasthan
86%
Kerala
81%
Maharashtra
78%
Tamil Nadu
72%
Gujarat
70%
West Bengal
70%
Andaman and Nicobar Islands
63%
Ladakh
43%
Arunachal Pradesh
35%
No matching quizzes found
Score Distribution
Percent of People with Each Score
Percentile by Number Answered
Your Score History
You have not taken this quiz